Entry Personal Name
Number of records used in: 1
001 - CONTROL NUMBER
003 - CONTROL NUMBER IDENTIFIER
005 - DATE AND TIME OF LATEST TRANSACTION
- control field:
20221031151121.0
008 - FIXED-LENGTH DATA ELEMENTS
- fixed length control field:
880617n| azannaabn |a aaa
010 ## - LIBRARY OF CONGRESS CONTROL NUMBER
- LC control number:
n 87848273
035 ## - SYSTEM CONTROL NUMBER
- System control number:
(OCoLC)oca02303419
040 ## - CATALOGING SOURCE
- Original cataloging agency:
DLC
- Language of cataloging:
eng
- Description conventions:
rda
- Transcribing agency:
DLC
- Modifying agency:
DLC
- Modifying agency:
MdRoLAC
046 ## - SPECIAL CODED DATES
- Birth date:
1955
- Source of date scheme:
edtf
100 1# - HEADING--PERSONAL NAME
- Personal name:
Çengel, Yunus A.
378 ## - FULLER FORM OF PERSONAL NAME
- Fuller form of personal name:
Yunus Ali
400 1# - SEE FROM TRACING--PERSONAL NAME
- Personal name:
Çengel, Y. A.
670 ## - SOURCE DATA FOUND
- Source citation:
Author's Thermodynamics, c1989:
- Information found:
CIP t.p. (Dr. Yunus A. Cengel; Dept. of Mech. Engin., Univ. of Nev.-Reno)
670 ## - SOURCE DATA FOUND
- Source citation:
Introduction to thermodynamics and heat transfer, c1997:
- Information found:
CIP t.p. (Yunus A. Çengel)
670 ## - SOURCE DATA FOUND
- Source citation:
Differential equations for engineers and scientists, c2013:
- Information found:
ECIP t.p. (Y.A. Cengel; Univ. of Nevada, Reno)
670 ## - SOURCE DATA FOUND
- Source citation:
OCLC, viewed Nov. 8, 2018
- Information found:
(hdg.: Cengel, Yunus Ali, 1955- ; usage: Yunus Ali Cengel ; Ph. D. -- North Carolina State University, 1984)